| 000 | 00968nam a22002537a 4500 | ||
|---|---|---|---|
| 005 | 20170124103025.0 | ||
| 010 | _aA-721277 | ||
| 020 | _c50.00 | ||
| 035 | _aA-721277 | ||
| 037 | _bCen Lib/Ret | ||
| 040 |
_aDPL _bHN |
||
| 082 |
_aक _bअरुण |
||
| 100 |
_aअरुण भारती _961811 |
||
| 245 |
_aऔरतें तथा अन्य कहानियां / _cअरुण भारती |
||
| 246 |
_aAurten tatha anye kaahniyan / _bby Arun Bharti |
||
| 260 |
_aदिल्ली _bपांडुलिपि प्रकाशन _c1994 |
||
| 270 |
_aई-11/5, कृष्णनगर _bदिल्ली _e110051 |
||
| 300 |
_a86पृ. _c17सेमी (सजिल्द) |
||
| 650 |
_aहिन्दी -- साहित्य _961812 |
||
| 650 |
_aहिन्दी -- कहानी _9779 |
||
| 650 |
_aHindi -- Literature _961813 |
||
| 650 |
_aHindi -- Story _943117 |
||
| 942 |
_2ddc _cHN _hक _mअरुण |
||
| 999 |
_c115527 _d115527 |
||